Olivia Rodrigo - Chansons de l’album Sour par ordre alphabétique - Statistiques

Statistiques générales
  • Ce quiz a été pris 97 fois
  • Le résultat moyen est 9 sur 11
Statistiques - réponses
Hint Réponse % Correct
SOUR G good 4 u
89%
SOUR B brutal
88%
SOUR Chiffre 1 step forward, 3 steps back
86%
SOUR D drivers license
86%
SOUR D deja vu
85%
SOUR H happier
85%
SOUR J jealousy, jealousy
85%
SOUR E enough for you
79%
SOUR F favorite crime
78%
SOUR H hope ur ok
78%
SOUR T traitor
78%
Aucun quiz correspondant
Distribution des résultats
% des personnes avec chaque résultat
Percentile par nombre de réponses
Votre historique - résultats
Vous n’avez pas pris ce quiz